Good Manufacturing Practices Requirements

Guardat en:
Dades bibliogràfiques
Altres autors: YouTube
Format: Llibre
Idioma:anglès
Matèries:
Accés en línia:Good Manufacturing Practices Requirements
Etiquetes: Afegir etiqueta
Sense etiquetes, Sigues el primer a etiquetar aquest registre!

MARC

LEADER 00000nam a22000004a 4500
001 vpro13804
005 20201223000000.0
008 180804s2018 ck # g## #001 0#eng#d
020
022
040 |a CO-BoINGC 
041 0 |a eng 
245 1 0 |a Good Manufacturing Practices Requirements 
246 |a Requisitos de las buenas prc̀ticas de manufactura 
264 |a Bogot ̀(Colombia) :  |b Revista VirtualPRO,  |c 2018 
520 3
650 \ \ |a Gestin̤ industrial 
650 \ \ |a Gestin̤ de la produccin̤ 
650 \ \ |a Industrial procurement 
650 \ \ |a Production management 
650 \ \ |a gestin̤ 
650 \ \ |a gestin̤ de la produccin̤ 
650 \ \ |a buenas prc̀ticas de manufactura 
650 \ \ |a management 
650 \ \ |a industrial management 
650 \ \ |a good manufacturing practices  
700 \ \ |a YouTube 
856 |z Good Manufacturing Practices Requirements  |u https://virtualpro.unach.elogim.com/biblioteca/requisitos-de-las-buenas-practicas-de-manufactura